000 00295nam a22001337a 4500
008 171010b xxu||||| |||| 00| 0 eng d
020 _a2900534618598/
041 _aeng
080 _29TH
_a316
100 _a50
101 _aSOC
245 _aMARRIAGES&FAMILIES
_cLAMANNA,M.A
942 _2udc
_cBK
999 _c32932
_d32932